000 00345nam a2200145Ia 4500
008 191201s2007 xx 000 0 und d
082 _a005.133
_bHOC
100 _aHROSTMANN, C
245 0 _aCore Java Advanced Feature
250 _a7th
260 _aN.Delhi
_bDavide Halevin
_c2007
300 _a1022
650 _aB.Tech(IT)
942 _2ddc
_cBK
999 _c2836
_d2836